000 00453nam a2200181Ia 4500
001 11944
005 20260306162905.0
008 260306t2019||||xx |||||||||||||| ||spa||
041 _aESP
082 _aHR 330
_bABR 2019 ES
100 _aConsorcio de Investigación Económica y Social
_eAUT
245 0 _aEconomía y sociedad
260 _c2019
300 _a77 páginas :
_c30 cm.
650 _aGEN
654 _aCAN
942 _cREV
_dJUS
_fJUS
_2ddc
_n
999 _c11944
_d11944